| 000 | 00883cam a22002771 4500 | ||
|---|---|---|---|
| 999 |
_c5644 _d5644 |
||
| 001 | 10075888 | ||
| 003 | GBCCL | ||
| 005 | 20241126110546.0 | ||
| 008 | 811217s1904 ilu b 001 0 eng | ||
| 010 | _a 05001172 | ||
| 035 | _a(OCoLC)13949336 | ||
| 040 |
_aDLC _cCBGTU _dOCoLC _dDLC |
||
| 042 | _apremarc | ||
| 050 | 0 | 0 |
_aBS647 _b.C6 |
| 082 |
_a220.15 _bCLA |
||
| 100 | 1 |
_aClarke, John C. C. _q(John Caldwell Calhoun) _910191 |
|
| 245 | 1 | 4 |
_aThe revelation rediscovered; _ban extract from The stairway to our Creator and Father, _cby John C.C. Clarke. |
| 260 |
_aUpper Alton, Ill., _bG.P. Clarke, _c1904. |
||
| 300 |
_a[79] p. _c20 cm. |
||
| 500 | _aVarious pagings. | ||
| 504 | _aIncludes bibliographical references and index. | ||
| 630 | 0 | 0 |
_aBible _xProphecies. _9457 |
| 650 | 0 |
_aRevelation. _91795 |
|
| 906 |
_a7 _bcbc _coclcrpl _du _encip _f19 _gy-gencatlg |
||
| 942 |
_2ddc _cBK |
||